000 03377cam a2200289 4500500
005 20260201055143.0
041 _afre
042 _adc
100 1 0 _aPuccio-Den, Deborah
_eauthor
245 0 0 _aTémoins du silence : le martyre de la mafia comme preuve (Italie, 1992-2022)
260 _c2026.
500 _a6
520 _aRésumé Cet article s’intéresse à la fabrication des « martyrs de la mafia » comme modalité d’attestation de vérités, y compris politiques, et lieu de production de connaissances empiriques et de « théorèmes » sur la « mafia ». Une attention particulière est portée à la dimension matérielle des processus et performances de construction de la preuve. L’article analyse la manière dont cette fabrique (crafting) de la « mafia » est tiraillée entre actes de témoignage et « actes de silence », entre la société civile, l’Église et l’État. Il montre aussi comment chacune de ces entités, loin d’être un monolithe, est clivée par la « question mafieuse ». Il retrace les parcours de sanctification de deux figures de « juges martyrs », le juge Giovanni Falcone et le juge Rosario Livatino, en examinant la part prise par les « témoins » dans ce processus. Le martyre est ici analysé comme une modalité de preuve de l’existence de la « mafia », et par conséquent comme un processus de connaissance parallèle à celui amorcé par la justice pour savoir ce qu’elle est. En essayant de tirer profit des lectures et commentaires auquel la méthode Mafiacraft a donné lieu, cette contribution lance in fine une réflexion sur un régime de (non) connaissance (« Unknowing ») caractéristique de notre modernité.
520 _aAbstract This article focuses on the creation of “mafia martyrs” as a means of attesting to truths, including political ones, and as a source of empirical knowledge and of building “theorems” about “the mafia.” Particular attention is paid to the material dimension of the processes and performances involved in constructing evidence. The article analyzes how this crafting of the “mafia” is torn between acts of witnessing and acts of silence, between civil society, the Church, and the State. It also highlights how each of these entities, far from being monolithic, is divided by “the mafia issue.” It traces the paths to sanctification of two “martyr judges”—Judge Giovanni Falcone and Judge Rosario Livatino—by examining the role played by witness testimony in this process. Martyrdom is analyzed as a means of proving the existence of the mafia, and therefore as a process of knowledge parallel to the process initiated by the justice system to grasp what it is. Drawing on the commentaries generated by the Mafiacraft method, the article offers a reflection on a regime of (un)knowledge (“Unknowing”) characteristic of our modernity.
690 _aMafia
690 _amartyre
690 _apreuve
690 _arégimes de connaissance
690 _atémoignage
690 _aevidence
690 _aMafia
690 _amartyrdom
690 _aregimes of knowledge
690 _awitnessing
786 0 _nDroit et société | 121 | 3 | 2026-01-27 | p. 525-546 | 0769-3362
856 4 1 _uhttps://droit.cairn.info/revue-droit-et-societe-2025-3-page-525?lang=fr&redirect-ssocas=7080
999 _c1639594
_d1639594